Interprete del lenguaje de programación Lexico en el sistema operativo Android (Registro nro. 765398)

Detalles MARC
000 -CABECERA
campo de control de longitud fija 02298nam a2200289uu 4500
001 - NÚMERO DE CONTROL
campo de control 1482187
005 - FECHA Y HORA DE LA ÚLTIMA TRANSACCIÓN
campo de control 20240201090439.0
007 - CAMPO FIJO DE DESCRIPCIÓN FÍSICA--INFORMACIÓN GENERAL
campo de control de longitud fija cr|||||||
008 - DATOS DE LONGITUD FIJA--INFORMACIÓN GENERAL
campo de control de longitud fija 171213s2017 spa
035 ## - NÚMERO DE CONTROL DEL SISTEMA
Número de control de sistema 1482187
040 ## - FUENTE DE LA CATALOGACIÓN
Centro/agencia transcriptor comduadb
041 ## - CÓDIGO DE LENGUA
Código de lengua del texto/banda sonora o título independiente spa
080 ## - NÚMERO DE LA CLASIFICACIÓN DECIMAL UNIVERSAL
Número de la Clasificación Decimal Universal PSI
100 10 - ENTRADA PRINCIPAL--NOMBRE DE PERSONA
Nombre de persona Delany Tamayo, Christian David
Código de función aut
Término indicativo de función/relación Autor/a
9 (RLIN) 768341
245 10 - TÍTULO PROPIAMENTE DICHO
Título propiamente dicho Interprete del lenguaje de programación Lexico en el sistema operativo Android
260 ## - PUBLICACIÓN, DISTRIBUCIÓN, ETC.
Lugar de publicación, distribución, etc. Medellín :
Nombre del editor, distribuidor, etc. [sin publicador],
Fecha de publicación, distribución, etc. 2017.
300 ## - DESCRIPCIÓN FÍSICA
Extensión 36 páginas
520 3# - SUMARIO, ETC.
Nota de Sumario, etc. Para las personas de una sociedad hispanohablante como la colombiana, la capacidad de adquirir y aplicar conceptos de programación básicos disminuye notablemente cuando para apoyar el proceso formativo se usan lenguajes de programación en inglés. LEXICO es un lenguaje de programación didáctico en español que se ha reinventado en múltiples ocasiones durante más de 30 años con el objetivo de amenizar y simplificar el aprendizaje de la programación. El propósito del presente documento es dar a conocer el proceso que se llevó a cabo para implementación de un intérprete del lenguaje de programación LEXICO en el sistema operativo Android. En el transcurso del documento se explora la situación actual de una parte de la sociedad colombiana en el que se relaciona el bajo nivel de inglés de la población y el déficit de profesionales en el área de las tecnologías de la información, se hace un breve repaso de la historia y los estudios que llevaron a LEXICO a ser una sólida opción para atacar el problema en cuestión, posteriormente se hace una explicación del proceso de implementación del lenguaje que incluye una discusión sobre las alternativas de implementación a las que se enfrentó el programador a la hora de desarrollar los diferentes módulos del aplicativo, y por último se incluye una pequeña prueba del software y los resultados de las pruebas realizadas.
502 ## - NOTA DE TESIS
Tipo de título Tesis (Ingeniero/a de Sistemas).
Nombre de la institución que otorga el título Universidad de Antioquia. Facultad de Ingeniería,
526 ## - NOTA DE INFORMACIÓN SOBRE EL PROGRAMA DE ESTUDIO
Nombre del programa Universidad de Antioquia. Facultad de Ingeniería. Ingeniería de Sistemas.
650 #7 - PUNTO DE ACCESO ADICIONAL DE MATERIA--TÉRMINO DE MATERIA
Término de materia o nombre geográfico como elemento de entrada Lenguajes de programación
Fuente del encabezamiento o término embne
9 (RLIN) 23310
650 ## - PUNTO DE ACCESO ADICIONAL DE MATERIA--TÉRMINO DE MATERIA
Término de materia o nombre geográfico como elemento de entrada Android (Sistema operativo)
9 (RLIN) 205226
650 ## - PUNTO DE ACCESO ADICIONAL DE MATERIA--TÉRMINO DE MATERIA
Término de materia o nombre geográfico como elemento de entrada Léxico
9 (RLIN) 87337
700 10 - ENTRADA AGREGADA--NOMBRE PERSONAL
Nombre de persona Ríos Castrillón, Fabián
Código de función ths
Término indicativo de función/relación Asesor/a de tesis
9 (RLIN) 478035
856 4# - LOCALIZACIÓN Y ACCESO ELECTRÓNICOS
Identificador Uniforme del Recurso <a href="https://drive.google.com/file/d/0BwecnWVz7HZoNUlOZjg2SWpHWUk/view?usp=sharing">https://drive.google.com/file/d/0BwecnWVz7HZoNUlOZjg2SWpHWUk/view?usp=sharing</a>
942 ## - ELEMENTOS DE ENTRADA AGREGADA (KOHA)
Tipo de ítem Koha Tesis
Suprimir en OPAC 0

No hay ítems disponibles.